• 首页
  • 本馆介绍
  • 公告通知
  • 最新文献
  • 馆藏检索
  • 电子资源
  • 读者导购
  • 参考咨询
  • 我的图书馆
  • 登录
  • 详细信息显示
  • 放入我的书架
  • 预约/预借图书
  • 作者相关作品
  • 分类相关作品
  • 丛书相关作品
  • 出版社相关作品

书目信息

  • 表格格式
  • 工作单格式
  • 卡片格式
题名:
画坛巨匠
    
 
作者: 门采尔 绘 ;庆晓 , 鑫鸣 编著
分册:   阿道夫·门采尔景物·素描
出版信息: 沈阳   辽宁美术出版社  2005.09
页数: 87页
开本: 27×27cm
丛书名:
单 册:
中图分类: J231 , J234(516)
科图分类:
主题词: 绘画--作品集--世界 , 素描--风景画--作品集--德国--近代 , 绘画 , 素描 , 风景画
电子资源:
ISBN: 978-7-5314-3403-0
000 01077nam0 2200325 450
001 0120141249279
005 20140610111054.15
010    @a978-7-5314-3403-0@dCNY52.00
100    @a20140308e20142005em y0chiy0110 ea
101 0  @achi
102    @aCN@b210000
105    @aa z 000yy
106    @ar
200 1  @a画坛巨匠@9hua tan ju jiang@i阿道夫·门采尔景物·素描@f庆晓,鑫鸣编著
210    @a沈阳@c辽宁美术出版社@d2005.09@h2014.01重印
215    @a87页@d27×27cm
330    @a阿道夫·门采尔是19世纪德国最著名的画家之一,一生为世界留下约七千余幅素描作品和八十余本素描、速写集。本书较详尽地介绍了阿道夫·门采尔各个时期的素描作品。
333    @a绘画爱好者
606 0  @a绘画@x作品集@y世界
606 0  @a素描@x风景画@x作品集@y德国@z近代
606 0  @a绘画
606 0  @a素描
606 0  @a风景画
690    @aJ231@v5
690    @aJ234(516)@v5
701  0 @c(德)@a门采尔@9men cai er@c(Menzel, Adolf von@f1815~1905)@4绘
702  0 @a庆晓@9qing xiao@4编著
702  0 @a鑫鸣@9xin ming@4编著
801  0 @aCN@b人天书店@c20140308
905    @b846671-73@dJ231@e92@f3
    
    画坛巨匠.阿道夫·门采尔景物·素描/庆晓,鑫鸣编著.-沈阳:辽宁美术出版社,2005.09(2014.01重印)
    87页;27×27cm
    使用对象:绘画爱好者
    
    ISBN 978-7-5314-3403-0:CNY52.00
    阿道夫·门采尔是19世纪德国最著名的画家之一,一生为世界留下约七千余幅素描作品和八十余本素描、速写集。本书较详尽地介绍了阿道夫·门采尔各个时期的素描作品。
●
相关链接 在E读中查询图书 在五车中查询图书 在当当中查询图书 在豆瓣中查询图书


正题名:画坛巨匠     索取号:J231/92         预约/预借

序号 登录号 条形码 馆藏地/架位号 状态 备注
1 846671   208466710   第一样本阅览室/ [索取号:J231/92] 在馆    
2 846672   208466729   美术系资料室/ [索取号:J231/92] 在馆    
3 846673   208466738   第一借阅区/ [索取号:J231/92] 在馆    
唐山师范学院图书馆 欢迎您!
大连网信软件有限公司© 版权所有